000 02629aam a2200385 i 4500
001 768714001
003 CO-MdFUSB
005 20240417152624.0
007 cr aa uaaaa
008 240416t2011 sp |||| |||| 00| 0 spa d
020 _a9788433034793
_q[electrónico]
040 _cCO-MdFUSB
041 0 _aspa
082 0 4 _a223.2
_223
_bA639s
100 1 _aAparicio, Ángel
_eautor
245 1 0 _aSalmos 73-106
_c/ Ángel Aparicio
_h[electrónico]
264 1 _bDesclée de Brouwer,
_aBilbao, España :
_c[2011]
264 4 _c©2011
300 _a391 páginas
336 _2rdacontent
_atexto
_btxt
337 _2rdamedia
_ainformático
_bc
338 _2rdacarrier
_aremoto
_bcr
490 _a Comentarios a la nueva Biblia de Jerusalén,
505 _aLa justicia final. -- Lamentación tras el saqueo del templo. -- Juicio total y universal. -- Oda al Dios temible. -- Meditación sobre el pasado de Israel. -- Las lecciones de la historia de Israel. -- Elegía nacional. -- Súplica por la restauración de Israel. -- Para la fiesta de las tiendas. -- Contra los príncipes paganos. -- Contra los enemigos de Israel. -- Canto de peregrinación. -- Oración por la paz y la justicia. -- Oración en la contrariedad. -- Sión, madre de los pueblos. -- Lamento en la extrema aflicción. -- Himno y oración al Dios fiel. -- Fragilidad del hombre. -- Bajo las alas divinas. -- Cántico del justo. -- El Dios de majestad. -- El Dios de justicia. -- Invitatorio. -- Yahvé, rey y juez. -- Yahvé triunfante. -- El juez de la tierra. -- Dios, rey justo y santo. -- Exhortación a la alabanza. -- Espejo de príncipes. -- Oración en la desgracia. -- Dios es amor. -- Esplendores de la creación. -- La maravillosa historia de Israel. -- Confesión nacional. --
506 _aSolicitar clave y usuario para acceder al libro electrónico.
520 _aLa editorial Desclée de Brouwer presenta esta serie de comentarios a la Nueva Biblia de Jerusalén, con la pretensión de que ocupe el espacio abierto en el mercado de la lengua castellana entre la divulgación y la crítica científica.
563 _aRústica
630 0 7 _aBiblia.
_pAntiguo Testamento
_xCrítica, interpretación, etc.
630 0 7 _aBiblia.
_pSalmos
_xCrítica, interpretación, etc.
856 _b854852
_uhttps://web.p.ebscohost.com/ehost/detail/detail?vid=14&sid=0e8bf949-c139-4091-b99a-e92ac765507e%40redis&bdata=Jmxhbmc9ZXMmc2l0ZT1laG9zdC1saXZl#db=nlebk&AN=854852
_zAbrir Versión electrónica del libro Salmos 73-106
942 _cEBK
945 _aJTF-925
999 _c69349
_d69349